The Jewish anthology /

Bibliographic Details
Main Author: Fleg, Edmond, 1874-1963
Other Authors: Samuel, Maurice, 1895-1972
Format: Book
Language:English
Published: New York : Behrman's Jewish Book House, 1933.
Subjects:

MARC

Tag First Indicator Second Indicator Subfields
LEADER 00000cam a2200000 4500
001 in00000021258
005 20151007062242.0
008 800701s1933 nyu 00010 eng d
035 |a (OCoLC)06475845 
035 |9 AAD4351AM 
040 |a TXA  |c TXA  |d UtOrBLW 
049 |a TXAM  |c 1 [128206]  |c 2 [153397] 
090 |a BM43  |b .F54 1933 
092 |a 808.89  |b F595j 
100 1 |a Fleg, Edmond,  |d 1874-1963. 
245 1 4 |a The Jewish anthology /  |c by Edmond Fleg, translated by Maurice Samuel. 
264 1 |a New York :  |b Behrman's Jewish Book House,  |c 1933. 
300 |a vii pages, 2 ., 3-399 pages ;  |c 23 cm. 
336 |a text  |b txt  |2 rdacontent 
337 |a unmediated  |b n  |2 rdamedia 
338 |a volume  |b nc  |2 rdacarrier 
650 0 |a Jewish literature. 
700 1 |a Samuel, Maurice,  |d 1895-1972. 
999 |a MARS 
999 f f |s 434addd8-e9eb-3184-91ec-8cf062007ae6  |i 3a2eb662-dc47-383f-814b-1c416798e841  |t 0 
952 f f |p ric  |a Texas A&M University  |b Rellis Campus  |c Joint Library Facility  |s JLF  |d Remote Storage  |t 0  |e BM43 .F54 1933  |h Library of Congress classification  |i unmediated -- volume  |m A14830297626 
998 f f |a BM43 .F54 1933  |t 0  |l Remote Storage